Štruktúra krátkodobého finančného plánu bakalárska práca

Saved in:
Bibliographic Details
Main Author: Czillingová, Katarína
Corporate Author: Podnikovohospodárska fakulta EU so sídlom v Košiciach. Katedra hospodárskej informatiky a matematiky
Other Authors: Hajduová, Zuzana, 1974-
Format: Book
Language:Slovak
Published: Košice 2011
Tags: Add Tag
No Tags, Be the first to tag this record!

MARC

LEADER 00000nbm a2200000 4500
001 0139545
005 20170315090427.8
041 0 |a slo 
044 |a SK 
245 1 0 |a Štruktúra krátkodobého finančného plánu  |b bakalárska práca  |c Katarína Czillingová ; školiteľ: Zuzana Hajduová 
264 1 |a Košice  |c 2011 
300 |a 46 s. 
100 1 |a Czillingová, Katarína 
700 1 |a Hajduová, Zuzana, 1974- 
710 2 |a Podnikovohospodárska fakulta EU so sídlom v Košiciach. Katedra hospodárskej informatiky a matematiky